000 00733cam a22002411 4500
999 _c21947
_d21947
001 7532719
003 BDDh-ASL
005 20231015030051.0
008 820922s1965 ii abc 000 0 eng
010 _asa 66003899
035 _a(OCoLC)8797436
040 _aDLC
_cMoU
_dDLC
_dBDDh-ASL
042 _apremarc
050 0 0 _aDS485.K2
_bI3
082 _a954.6
_bKHK
100 1 _aMohammed Ibrahim, Sardar,
_d1915-2003.
245 1 4 _aThe Kashmir saga /
_cby M. Ibrahim Khan.
260 _aLahore:
_bRipon Print. Press,
_c1965.
300 _a228 p. :
_billus., fold. map, ports.
_c23 cm.
651 0 _aJammu and Kashmir (India)
_xPolitics and government.
906 _a7
_bcbc
_coclcrpl
_du
_encip
_f19
_gy-gencatlg
942 _2ddc
_cBK